সহজ উপায়ে নার্সারি শিক্ষা : (Record no. 8640)
[ view plain ]
| 000 -LEADER | |
|---|---|
| fixed length control field | 00823nam a2200241 a 4500 |
| 001 - CONTROL NUMBER | |
| JCCL Control Number | 8640 |
| 003 - CONTROL NUMBER IDENTIFIER | |
| JCCL marc code | OST |
| 005 - DATE AND TIME OF LATEST TRANSACTION | |
| control field | 20180403124246.0 |
| 008 - FIXED-LENGTH DATA ELEMENTS--GENERAL INFORMATION | |
| fixed length control field | 180217b2005 bg a|||| |||| 000 0 ben d |
| 020 ## - INTERNATIONAL STANDARD BOOK NUMBER | |
| International Standard Book Number | 984823943X |
| 035 ## - SYSTEM CONTROL NUMBER | |
| system control number | (BD-JhCC)8640 |
| 040 ## - CATALOGING SOURCE | |
| Original cataloging agency | BD-JhCC |
| Modifying agency | BD-JhCC |
| 041 ## - LANGUAGE CODE | |
| Language code of Book | ben |
| 082 ## - DEWEY DECIMAL CLASSIFICATION NUMBER | |
| Classification number | 634.92 |
| Author mark and Year | ARA 2005 |
| 100 ## - MAIN ENTRY--PERSONAL NAME | |
| Personal name | আরেফিন, এস.এম.আমিনুল |
| 245 ## - TITLE STATEMENT | |
| Title | সহজ উপায়ে নার্সারি শিক্ষা : |
| Remainder of title | চারা উৎপাদন ও পরিচর্যা / |
| Statement of responsibility, etc | এস.এম.আমিনুল আরেফিন |
| 260 ## - PUBLICATION, DISTRIBUTION, ETC. (IMPRINT) | |
| Place of publication, distribution, etc | ঢাকা : |
| Name of publisher, distributor, etc | সুচয়নী পাবলিশার্স, |
| Date of publication, distribution, etc | 2005. |
| 300 ## - PHYSICAL DESCRIPTION | |
| Pagination | 191 p. : |
| Dimensions | 21 cm. |
| Other physical details | ill . ; |
| 650 ## - SUBJECT ADDED ENTRY--TOPICAL TERM | |
| Topical term or geographic name as entry element | Nursery |
| 650 ## - SUBJECT ADDED ENTRY--TOPICAL TERM | |
| Topical term or geographic name as entry element | pres plants |
| 942 ## - ADDED ENTRY ELEMENTS (KOHA) | |
| Source of classification or shelving scheme | Dewey Decimal Classification |
| Koha item type | Books |
| Source of classification or shelving scheme | Damaged status | Not for loan | Home library | Current library | Shelving location | Date of accession | Source of acquisition | Cost, normal purchase price | Total Checkouts | Full call number | Barcode | Date last seen | Copy number | Koha item type |
|---|---|---|---|---|---|---|---|---|---|---|---|---|---|---|
| Dewey Decimal Classification | JCC Rouf Library | JCC Rouf Library | General Stacks | 02/28/2018 | Md.Nasser Shahrear Zahedee | 120.00 | 634.92 ARA 2005 | 9146 | 02/28/2018 | C - 1 | Books | |||
| Dewey Decimal Classification | JCC Rouf Library | JCC Rouf Library | General Stacks | 02/28/2018 | Md.Nasser Shahrear Zahedee | 120.00 | 634.92 ARA 2005 | 9187 | 02/28/2018 | C - 2 | Books | |||
| Dewey Decimal Classification | JCC Rouf Library | JCC Rouf Library | General Stacks | 04/03/2018 | 120.00 | 634.92 ARA 2005 | 9154 | 04/03/2018 | C-3 | Books |